[Event "E World Chess Championship 2021"]
[Site "FIDE"]
[Date "2021.12.10"]
[Round "11"]
[White "Nepomniachtchi, Ian"]
[Black "Carlsen, Magnus"]
[Result "0-1"]
[WhiteElo "2782"]
[BlackElo "2856"]
[EventDate "2021.??.??"]
[Annotator "samsh"]
[PlyCount "98"]
[Beauty "7010863029803"]
[EventType "match"]
[EventRounds "9"]
[EventCountry "FID"]

{Game 11 turned out to be the final encounter of the match. It looked very equal throughout until Nepo's sense of danger completely eluded him and the game ended in one move.} 
1.e4 e5 2.Nf3 Nc6 3.Bc4 {Unlike all of the previous games, Nepo chose the Italian. Hindsight is 20/20, but it looked to me like Magnus understood the resulting middlegame better.} 3...Nf6 4.d3 Bc5 5.c3 d6 6.O-O a5 {The a7-a5 system is a very topical one, and is one of the big mainlines in the Italian today. The point is some prophylaxis against b2-b4, but I was a little puzzled by what happened next.} 7.Re1 Ba7 $5 {I had never seen this idea of playing a5 and then Ba7 before castling. I always thought one of the big points was to prevent b2-b4 so that the bishop can remain on c5 free of harassment, but it is a sensible waiting move.} 8.Na3 h6 {Now, I really dislike the idea Nepo came up with here. In general, the most ambitious thing White can do in the Italian is fight for d3-d4, turning the a7-bishop from a good piece into a bad piece. If White decides this cannot happen, Bc1-e3 is a sensible alternative, but I really think White should be taking back with the rook on e3 rather than the knight.} 9.Nc2 $6 ( 9.Nb5 {This surely must be more critical. White takes advantage of Black weakening the b5-square with a7-a5 and hits the bishop on a7 to win a tempo. After} 9...Bb6 10.Be3 Bxe3 11.Rxe3 {This looks like a more ambitious way for White. The rook on e3 is better than a knight would be since the e4-pawn is well-supported, and d3-d4 is coming next. White looks a little better to me, though of course Black is still very solid.} ) 9...O-O 10.Be3 Bxe3 11.Nxe3 Re8 {Now Black has a striaghtforward plan of Be6, taking back with the rook, and rerouting the c6-knight to g6. The pressure on the e4-pawn makes it very hard for White to advance d3-d4, and I don't see another credible plan.} 12.a4 Be6 13.Bxe6 Rxe6 14.Qb3 b6 15.Rad1 Ne7 {Of course. The knight heads for g6.} 16.h3 Qd7 {Now Black's position plays itself. Bring the rook to d8 or e8 as you see fit, knight to g6, and eventually push d5.} 17.Nh2 {This does not seem impressive, but I guess it makes some sense. bringing the knight to g4 to exchange for the f6-knight will make it easier to push d3-d4, but Black is well in time to get his peices ready to deal with it.} 17...Rd8 18.Nhg4 {Now, Black should be at least a little careful. Allowing White to take on f6 and push d4 would give him a good position, but it's almost hard to suggest a move for Black that makes any sense at all other than the best one.} 18...Nxg4 ( 18...Kh8 $2 {Some non-move like this would allow White to show his idea.} 19.Nxf6 Rxf6 20.d4 {This is indeed unpleasant for Black.} ) 19.hxg4 d5 $1 {Black beats White to the punch and makes his break first. White was just too slow to get d3-d4 in before d6-d5, all because the knight on e3 was misplaced and the e4-pawn was loose.} 20.d4 {Now there is some minor showdown in the center, but it should all fizzle out easily enough.} 20...exd4 $1 {Magnus had to see this Re4-f4 idea to justify this move, but it is hardly rocket science.} 21.exd5 {Now, Black cannot take back on d5 thanks to Rxd4, and he really should make sure the d-file remains closed, but this is not too hard to do.} ( 21.Rxd4 {This does not work too well. After} 21...Rxe4 $1 {Black wins a pawn, and White needs to be precise to maintain the balance.} ) 21...Re4 $1 {Good prophylaxis against Rxd4.} ( 21...Nxd5 $2 22.Rxd4 {Black loses material. The pin on the d-file is too powerful.} ) 22.Qc2 ( 22.Rxd4 {This could still be played, but after} 22...Rxd4 23.cxd4 {The d-file is closed, and Black can grab the pawn on d5. For example, after} 23...Nxd5 24.Nxd5 Qxd5 25.Re8+ Kh7 26.Qc2+ g6 27.Rxd8 Qxd8 28.Qe4 {This appears to be a dead draw.} ) 22...Rf4 {Now, the only explanation I have for the next move is that there are 2 versions of Nepo. He did not just blitz out g2-g3 without thinking and miss something obvious because he was not paying attention. He took 10 minutes, and still came up with a move that is very hard to understand from a player of his calibur. Sometimes he just seems to tilt really hard. I know from my own experience—I've played him twice. The first game I was on the black side of a Caro-Kann, and he played a fantastically energetic game. It was a wild fight with plenty of chances for both sides. He did not play perfectly, as nobody ever really does in super-complicated positions, but after a somewhat back and forth affair, he found a lot of best moves plenty of times, and eventually ground out a well-deserved win. The other time I played him, it was toward the end of a tournament, I guess he may have been struggling with stamina, and he played some d6/g6/a6/e6 setup, moving pawns around in the first few moves without developing his pieces, and I absolutely demolished him with almost no effort. It was a weird feeling afterward, that I had crushed a near-2800 so easily, and I can imagine this is probably how Magnus is feeling now. Every now and then, this seriously sub-optimal version of Nepo shows up, and unfortunately for him, it came at the worst possible time.} 23.g3 $4 {Not only does this move lose violently, it absolutely forces Black to play the winning continuation since everything else is tantamount to resigning.} ( 23.Rxd4 {This is just a draw.} 23...Rxd4 24.cxd4 Nxd5 25.Nxd5 Qxd5 26.Qxc7 Qxd4 27.b3 {There's not much to say here. 13 more moves to reach move 40.} ) 23...dxe3 {Of course. Moving the rook would allow Rxd4.} 24.gxf4 Qxg4+ 25.Kh1 {This move makes g2-g3 even harder to understand. It allows Black to make a draw immediately with perpetual check. This being the case, why not just go Rxd4 and make the draw without allowing Black extra options? Even if you have not thought about this position for half a second, it should be immediately clear from first glance that Black has a very dangerous attack and possibly could have a better move than forcing a draw. According to my machine, there are 9 winning moves.} ( 25.Kf1 Qh3+ 26.Ke2 exf2 27.Rf1 Nf5 {White is demolished.} ) 25...Qh3+ 26.Kg1 {From this point on, Magnus could have found easier wins in multiple places, but the final result was certainly never in doubt.} 26...Nf5 ( 26...exf2+ 27.Qxf2 Rd6 {This would have ended the match immediately.} ) 27.d6 {The best practical chance, but it's certainly over.} 27...Nh4 28.fxe3 Qg3+ 29.Kf1 Nf3 {Now, White is absurdly lucky to have not gotten mated and to be able to bail out into an endgame, but the ending is absolutely lost, so he can't really count his blessings.} 30.Qf2 Qh3+ $1 {The last important move.} ( 30...Qxf2+ $2 {This would be a grave error. After} 31.Kxf2 Nxe1 32.dxc7 $1 {White wins.} ) 31.Qg2 Qxg2+ 32.Kxg2 Nxe1+ {Now, this move comes with check, so White cannot take on c7.} 33.Rxe1 Rxd6 {Black is a clean pawn up and has full control over the only open file. It will take a little work to finish the game off and he certainly could have won faster when White's king was getting thrashed, but it should be routine enough.} 34.Kf3 Rd2 35.Rb1 {A very sad move, but what choice was there?} ( 35.b4 axb4 36.cxb4 Ra2 {Black wins a second pawn.} ) 35...g6 36.b4 axb4 37.Rxb4 {White can now imagine going Rb4-c4, aiming to provoke c7-c5, and then a4-a5 comes and White can start trading stuff. Black's next move prevents this idea.} 37...Ra2 {Now a4-a5 will never come, the rook is stuck defending the a4-pawn, and Black can bring his king to the center and start pushing his passed h-pawn.} 38.Ke4 {Now White has a simple plan. Ke4-d5-c6-xc7-xb6 and go promote the a-pawn. The problem is Black's h-pawn is much faster.} 38...h5 39.Kd5 Rc2 {This did not feel entirely necessary, but it doesn't spoil anything.} ( 39...h4 {Black wins the race by something like 6 tempi. It helps to have an extra pawn! He had a passed pawn right from the start of the endgame, while White has to spend ages bringing his king all the way to c6 and c7 and b6 to finally get a passer of his own.} 40.f5 {This is the best try, getting the rook behind the h-pawn.} ( 40.Kc6 h3 41.Kxc7 h2 42.Rb1 f6 {The g-pawn is coming.} ) 40...h3 41.Rh4 h2 {The g-pawn comes next and White is done for.} ) 40.Rb3 h4 {Move 40 is reached. Magnus has all the time in the world, and he easily wins the pawn race.} 41.Kc6 h3 42.Kxc7 h2 43.Rb1 Rxc3+ {I actually really dislike this decision. It is not enough to not win the game, but it really feels like it is going in the wrong direction.} ( 43...f6 {Why not just shove the g-pawn straight to g2?} 44.Kxb6 g5 ) 44.Kxb6 $1 ( 44.Kb7 {Avoiding taking the pawn does not help. After} 44...Rxe3 45.Rh1 Re4 $1 {White is relieved of his a-pawn, and Black wins the game routinely on the kingside.} ) 44...Rb3+ 45.Rxb3 h1=Q 46.a5 {Now, this a-pawn is coming, and it will be very annoying to stop. The rook and king coordinate well, and I could imagine an accident happening. Black's king is a long way away from the action and he does not have any passed pawns of his own yet. Still, it should win without a ton of trouble.} 46...Qe4 47.Ka7 $1 {The rook comes to a square like b6, and a6 comes after... I would be worried with Black here.} 47...Qe7+ 48.Ka8 {One can hope Magnus will play Qd8+ to fork the king and pawn. Of course, this is not a likely scenario.} 48...Kg7 $1 {An excellent move. Black's king gets off the back rank so that Qd8+ becomes a threat.} ( 48...Qd8+ $2 49.Rb8 {Oops!} ) 49.Rb6 ( 49.a6 Qe6 $1 {White loses his a6-pawn.} ) 49...Qc5 {Nepo called it a day here, as after Ra6 Qb5, he will never be able to get his rook out of the way from in front of the a-pawn. It really felt like two matches were played. Nepo A played match one, and in my opinion, Nepo A is the second-best player in the world. Nepo B showed up for match two, and that was a farce. I really think if he can manage to consistently bring Nepo A to the board, he can be very ambitious about playing in another world championship match and giving Magnus a better fight someday. I'd like to thank Chess.com for inviting me to annotate the games—I certainly enjoyed it and did my very best to bring the most fair and objective analysis I could, void of any of my own personal biases, and covering the games exactly as I saw them. Until next time!} 0-1

[Event "Tata Steel Chess Masters 2022"]
[Site "Chess.com"]
[Date "2022.01.18"]
[Round "4"]
[White "Carlsen, Magnus"]
[Black "Van Foreest, Jorden"]
[Result "1/2-1/2"]
[WhiteElo "2865"]
[BlackElo "2702"]
[EventDate "2022.??.??"]
[Annotator "Bojkov,Dejan"]
[PlyCount "103"]
[Beauty "5498497692205"]
[EventType "schev"]
[EventRounds "4"]

1.Nf3 d5 2.g3 g6 3.Bg2 Bg7 4.d4 Nf6 5.O-O O-O 6.c4 c6 7.b3 {Carlsen used a version of this solid line to defeat Nepomniachtchi in their final test before their world championship match.} 7...Bf5 {The main line.} 8.Bb2 Nbd7 9.e3 {This is the new trend, according to Megabase, that outshines the older 9.Nbd2.} 9...Ne4 {The most typical maneuver for the line. Black opens up his dark-squared bishop and prepares to swap a pair of light pieces.} ( {White definitely had a pull in another top game:} 9...b5 10.cxb5 cxb5 11.Nc3 b4 12.Na4 Rc8 13.Qd2 a5 14.Rfc1 Rxc1+ 15.Rxc1 Qa8 16.Ne5 Rc8 17.Nxd7 Rxc1+ 18.Qxc1 Nxd7 19.Qc7 {and Black's position is unpleasant due to the difference in activity of the queens, Artemiev,V (2704)-Aronian,L (2782) chess24.com INT 2021} ) 10.Nc3 Nxc3 11.Bxc3 Be4 {This is possible thanks to the previous maneuver.} 12.Qe2 e6 13.Rfd1 {In the meanwhile, the world champion clears the f1-square to avoid the trade of the light-squared bishops. Without them, there is no hope of an edge.} 13...a5 {Black uses the given time to prepare counterplay on his own.} 14.Bf1 Bxf3 15.Qxf3 Nc5 {This maneuver is also possible thanks to the ...Nf6-e4-xc3 one. So many possibilities, just because a pair of light pieces have been traded!} 16.Be1 Ne4 17.Bd3 $146 {This is a novelty.} ( {In the predecessor:} 17.a4 f5 18.Qe2 Rf7 19.Bg2 Bf8 20.f3 Nf6 21.Bc3 Bb4 22.Bb2 Qe7 23.e4 fxe4 24.fxe4 Nxe4 25.Bxe4 dxe4 26.Qxe4 {White seemed to have a slight pull, but Bu quickly executed e6-e5 and the game petered out into a draw, Ganguly,S (2644) -Bu,X (2711) Liaocheng 2017} ) 17...f5 {Van Foreest is shifting into a Stonewall where Black has kept a valuable pair of light pieces alive.} 18.Rac1 {Still, Carlsen has a serious plan in stock: the preparation of the e3-e4 break. Black's next maneuver is designed to stop this for good.} 18...g5 19.Qe2 {And after some thought, Van Foresst went for} 19...g4 $3 {Thus sacrificing a pawn!} 20.Bxe4 fxe4 {The point.} ( {The move in the game is needed as} 20...dxe4 {would lead to a quick collapse in the center due to} 21.d5 $1 exd5 22.cxd5 cxd5 23.Rc5 d4 24.exd4 {and the game opens in White's favor. In fact, the machine evaluates this as a winning edge for the first player.} ) 21.Qxg4 {I browsed through the games at that point and a quick glance at the position, count of the pawns, and a peek at the computer bar made me think that Van Foreest had badly messed up.} 21...Qe8 {None of the above is true! Black has solid compensation thanks to the half-open files on the kingside, and the holes on the light-squares only facilitate his play.} 22.cxd5 {In order to open a file for his rooks.} ( {It also made sense to bring the bishop out as soon as possible.} 22.b4 $5 h5 ( {Black cannot lock the flank with} 22...a4 23.cxd5 exd5 {due to} 24.b5 $1 ) 23.Qh3 axb4 24.Bxb4 Rf6 25.Rd2 {There are two files on which the white rooks can work now, but what's more, he can eventually maneuver his bishop toward the e5 square.} ) 22...exd5 23.Rc5 {The logical follow-up.} ( {Though} 23.b4 $5 axb4 24.Bxb4 h5 25.Qh3 Rf6 26.Rc2 {was still possible.} ) 23...h5 ( {There was also} 23...b6 $5 24.Rc2 h5 25.Qh3 Rf6 {when Black can later shift his second rook toward the kingside via the a7-square.} ) 24.Qh3 Qf7 {Van Foreest keeps the queenside stable.} ( {Here} 24...b5 $5 {looked attractive and after} 25.Rdc1 Rf6 {the black rooks can attack along the sixth rank while defending the c6 weakness.} ) 25.Qg2 {Now the a5-pawn is in danger.} ( 25.Rc2 $5 ) 25...a4 26.b4 ( {It is only Black who can benefit from the opening on the queenside at the moment.} 26.bxa4 Rxa4 27.Rc2 Rfa8 ) 26...Qd7 27.b5 ( 27.Rdc1 Rf6 28.b5 {would have likely transposed.} ) 27...h4 $1 {Black is consistent with his plan.} ( {He should certainly avoid} 27...cxb5 28.Qf1 $1 ) 28.Rdc1 ( {Or another transposition after} 28.bxc6 bxc6 29.Rdc1 Rf6 30.g4 ) 28...Rf6 29.bxc6 bxc6 30.g4 $1 {A tough decision! Carlsen tries to seal the kingside, but his opponent is alert.} ( {After} 30.Bb4 hxg3 31.hxg3 Raf8 32.R1c2 Rh6 {Black will soon prepare infiltration along the h-file.} ) 30...h3 $3 {A second pawn is offered for even more files.} 31.Qxh3 Raf8 $1 ( {Correctly not craving the g4-pawn, as after} 31...Rg6 32.Qh5 $1 Rxg4+ 33.Kf1 {the white king escapes and Black's attack fizzles.} ) 32.Qg2 ( {Here} 32.Qh5 $2 Rh6 33.Qg5 Rff6 {makes no sense for White.} ) ( {And if the king leaves} 32.Kf1 Rh6 33.Qg2 Rh4 {the white pawns will be in trouble.} ) 32...Rg6 {The most obvious attempt gives Carlsen some addiitonal chances.} ( {The other file might have been more important! After} 32...Rh6 $5 33.h3 Rf3 {attacks the h3-pawn at once. True, White still has} 34.g5 {and may even win a third pawn at once after} 34...Rh4 35.Rxc6 {at least for a moment. Nevertheless, after} 35...Rfxh3 36.Rc8+ Bf8 37.R1c7 Qf5 {Black has enough threats to secure a draw, as in this pretty line} 38.Bb4 Rh1+ $1 39.Qxh1 Qg4+ 40.Qg2 Qd1+ 41.Qf1 Qg4+ ) 33.g5 $1 {Best! The pawns are further separated, but this bold move slows down Black's initiative.} ( {After the solid} 33.h3 {Black's attack may develop as in this line.} 33...Rf3 34.Ra5 Rh6 35.Rxa4 $2 {And now} 35...Rfxh3 36.Ra8+ Kh7 37.Rb1 R6h4 38.Kf1 c5 $3 {opens the a6-f1 diagonal, thus keeping the white king in mortal danger all the time. The threats may turn into a full point after, say,} 39.dxc5 Qc7 $1 40.Ra5 Rh2 41.Qg3 Qxg3 42.fxg3 Rh1+ 43.Ke2 R4h2+ ) 33...Rf5 {Once again, the most obvious move.} ( {However, there was a strong argument for} 33...Rf3 {The difference here, in comparison with the line from above, is that White can defend with} 34.h4 Rh3 35.Rxc6 Rxc6 36.Rxc6 Rxh4 {And with the rook on this exact square} 37.f3 $1 {becomes possible. Still, after} 37...Qxc6 38.Bxh4 Qc1+ 39.Kh2 Qxe3 {Black has very little to worry about in the arising endgame.} ) 34.h4 Bf8 35.R5c2 Be7 $1 {With the inevitable capture on g5, one way or the other!} 36.Rb2 $1 {Not just activating the rook, but avoiding the additional chances that the black queen might take. Also inviting Black to a self-pin.} ( {As in the case of} 36.Kf1 Bxg5 ( 36...Qc8 $5 ) 37.hxg5 Rfxg5 38.Qh2 Qb7 $1 ) 36...Bxg5 {Van Foreest errs!} ( {Strong was a rook capture} 36...Rfxg5 $1 {This, or the other one, it leads to the same after} 37.hxg5 Rxg5 38.Qxg5+ Bxg5 {With approximate equality, e.g} 39.Rb8+ Kf7 40.Rb6 Bxe3 ( {Or} 40...Bd8 41.Ra6 ) 41.fxe3 Qg4+ 42.Kf1 Qf3+ 43.Bf2 Qh3+ 44.Ke2 Qf3+ 45.Ke1 Qh1+ 46.Kd2 Qg2 $11 ) 37.Kf1 Qa7 ( {The computer claims that} 37...Qd6 {is the best defense, but then White escapes the threats with} 38.hxg5 Rgxg5 39.Qh3 Rh5 40.Qg4+ Rhg5 41.Qd1 $1 {and White keeps the extra material.} ) 38.Qg4 {Alas, Carlsen transposes the moves, and misses the win!} ( {In the line} 38.Ke2 $1 Qa6+ 39.Kd1 Qd3+ 40.Rd2 Qb5 {White does not have} 41.hxg5 $2 ( {However, the strong} 41.Qg4 $1 {spoils the rooks' coordination, and apparently it wins.} ) 41...Rfxg5 42.Qh3 Rg1 {and the threat of Rxe1+ and mate on the back rank forces White to give a perpetual.} 43.Qc8+ ) 38...Qa6+ $1 {Locks the king in!} 39.Kg1 {The world champion spots the deadly trap, just in time.} ( {The trap is revealed in the line} 39.Qe2 Qc8 $1 40.Rcb1 Bd8 $1 {Making sure the queen is not pinned} 41.Rb8 {And now the fabulous} 41...Rfg5 $3 {sacrificing almost every piece of his leads to a mate!} ) 39...Rg7 40.Rb8+ {Now the forcing line} 40...Bd8 41.Rxd8+ Rf8 42.Rxf8+ Kxf8 43.Bb4+ Kg8 44.Qxg7+ Kxg7 45.a3 {leads to a likely fortress.} 45...Kg6 46.Kg2 Kh5 47.Rh1 {White threatens to transfer his rook to the third rank, therefore with} 47...c5 {Van Foreest forces a perpetual} 48.Bxc5 Qg6+ 49.Kf1 Qa6+ 50.Kg2 Qg6+ 51.Kf1 Qa6+ 52.Kg2 1/2-1/2